Central Library OPAC University of Rajshahi

The theory of relativity / (Record no. 8305)

MARC details
000 -LEADER
fixed length control field 00719nam a2200253 a 4500
001 - CONTROL NUMBER
control field 8305
003 - CONTROL NUMBER IDENTIFIER
rucl marc code BD-RJUL
005 - DATE AND TIME OF LATEST TRANSACTION
control field 20211208234548.0
008 - FIXED-LENGTH DATA ELEMENTS--GENERAL INFORMATION
fixed length control field 180114s1972 enk b 001 0 eng u
020 ## - INTERNATIONAL STANDARD BOOK NUMBER
International Standard Book Number 0198512562
035 ## - SYSTEM CONTROL NUMBER
System control number (BD-RJUL)8350
040 ## - CATALOGING SOURCE
Original cataloging agency DLC
Transcribing agency DLC
Modifying agency m.c
-- BD-RJUL
Language of cataloging eng
041 ## - LANGUAGE CODE
Language code of text/sound track or separate title eng
082 ## - DEWEY DECIMAL CLASSIFICATION NUMBER
Classification number 530.11
Author mark and year MOT 1972
Edition number 23
100 10 - MAIN ENTRY--PERSONAL NAME
Personal name Møller, C.
9 (RLIN) 25897
245 14 - TITLE STATEMENT
Title The theory of relativity /
Statement of responsibility, etc. by C. Moller
250 ## - EDITION STATEMENT
Edition statement 2d ed.
260 ## - PUBLICATION, DISTRIBUTION, ETC. (IMPRINT)
Place of publication, distribution, etc. Oxford :
Name of publisher, distributor, etc. Clarendon Press,
Date of publication, distribution, etc. 1972
300 ## - PHYSICAL DESCRIPTION
Pagination xiii, 557 p. ;
Size 25 cm
650 #0 - SUBJECT ADDED ENTRY--TOPICAL TERM
Topical term or geographic name as entry element Relativity (Physics)
9 (RLIN) 25898
830 #0 - SERIES ADDED ENTRY--UNIFORM TITLE
Uniform title International series of monographs on physics (Oxford, England)
942 ## - ADDED ENTRY ELEMENTS (KOHA)
Source of classification or shelving scheme Dewey Decimal Classification
Koha item type Books
Holdings
Lost status Source of classification or shelving scheme Damaged status Not for loan Collection code Permanent Location Current Location Shelving location Date acquired Source of acquisition Cost, normal purchase price Total Checkouts Full call number Date last seen Copy number Koha item type Date checked out
  Dewey Decimal Classification     Non-fiction Central Library, University of Rajshahi Central Library, University of Rajshahi   12/02/1975 Ganathan 13.00   530.11 MOT 1972 18/01/2014 C-8 Books  
  Dewey Decimal Classification     Non-fiction Central Library, University of Rajshahi Central Library, University of Rajshahi   12/02/1975 Ganathan 13.00   530.11 MOT 1972 18/09/2016 C-2 Books  
  Dewey Decimal Classification     Non-fiction Central Library, University of Rajshahi Central Library, University of Rajshahi   12/02/1975 Ganathan 13.00   530.11 MOT 1972 18/09/2016 C-3 Books  
  Dewey Decimal Classification     Non-fiction Central Library, University of Rajshahi Central Library, University of Rajshahi   12/02/1975 Ganathan 13.00 1 530.11 MOT 1972 18/03/2017 C-4 Books 16/03/2017
  Dewey Decimal Classification     Non-fiction Central Library, University of Rajshahi Central Library, University of Rajshahi   12/02/1975 Ganathan 13.00   530.11 MOT 1972 18/09/2016 C-5 Books  
  Dewey Decimal Classification     Non-fiction Central Library, University of Rajshahi Central Library, University of Rajshahi   12/02/1975 Ganathan 13.00   530.11 MOT 1972 18/09/2016 C-6 Books  
  Dewey Decimal Classification     Non-fiction Central Library, University of Rajshahi Central Library, University of Rajshahi   12/02/1975 Ganathan 13.00   530.11 MOT 1972 18/09/2016 C-7 Books  
  Dewey Decimal Classification     Non-fiction Central Library, University of Rajshahi Central Library, University of Rajshahi   12/02/1975 Ganathan 13.00   530.11 MOT 1972 18/09/2016 C-9 Books  
  Dewey Decimal Classification     Non-fiction Central Library, University of Rajshahi Central Library, University of Rajshahi   02/12/1975 gonathan wren and Co. London 13.00   530.11 MOT 1972 19/09/2016 C-10 Books